| 000 | 01062nam0a2200301 i 4500 | ||
|---|---|---|---|
| 001 | RU\NLR\bibl\2038940 | ||
| 005 | 20260405183829.0 | ||
| 010 | _a9789661448024 | ||
| 010 |
_a978-5-9910-2322-1 _910000 |
||
| 021 |
_aRU _b2013-35248 _92414 |
||
| 035 | _a(NLR Aleph) 002026276 | ||
| 090 |
_a4528649 _c4528649 |
||
| 100 | _a20130603d2013 u y0rusy50 ca | ||
| 101 | 1 |
_arus _ceng |
|
| 102 |
_aRU _aUA |
||
| 105 | _aa ||||||||| | ||
| 200 | 1 |
_aРодителей выбирают _eроман _fМэриан Кейес _g[пер. с англ. Олега Буйвола] |
|
| 210 |
_aХарьков _aБелгород _cКлуб семейного досуга _d2013 |
||
| 215 |
_a622 с. _cил. _d21 |
||
| 300 | _aАннот. парал. на рус. и укр. яз. | ||
| 333 | _a12 + | ||
| 686 | _aШ6(4Вл)67-440.4{Лх1299-50} | ||
| 700 | 1 |
_4070 _8rus _7ca _aКайз _bМ. _f1963- _gМэриан _3RU\NLR\auth\7780386 _963314 |
|
| 801 | 0 |
_aRU _bNLR _c20130603 _gRCR |
|
| 801 | 1 |
_aRU _bNLR _c20130603 |
|
| 942 | _cBOOK | ||
| 980 | _aNBR | ||